| 000 | 01534nas a2200385 i 4500 | ||
|---|---|---|---|
| 001 | 2877 | ||
| 003 | ES-MaACL | ||
| 005 | 20250724062610.0 | ||
| 007 | t| | ||
| 008 | 030331d18841901sp zrype 0 |spa d | ||
| 022 | _a2478-7418 | ||
| 040 | _cES-MaACL | ||
| 080 | _a05 | ||
| 080 | _a008 | ||
| 080 | _a355(460) | ||
| 245 | 0 | 3 |
_aLa Ilustración nacional / _cdirector propietario, Arturo Zancada y Conchillos. |
| 246 | 3 |
_iSubt. de cub. : _arevista literaria, científica y artística : bellas artes, retratos, vistas, actualidades, teatros, viajes, fastos militares, monumentos, fortalezas, armas, etc. |
|
| 246 | 3 | _aLa Ilustración nacional (Madrid) | |
| 260 |
_aMadrid : _bLa Ilustración Nacional, _c1884-1901 _f(Tip. Enrique Rubiños) |
||
| 300 |
_a14 volúmenes : _bilustraciones ; _c39 cm. |
||
| 310 | _aDecenal | ||
| 362 | 0 | _aT. II, año V, n. 41 (20 oct. 1884) - t. XIX, año XXII, n. 22 (28 oct. 1901) | |
| 500 | _aÍndices | ||
| 530 | _aDisponible en formato digital. | ||
| 650 | 4 |
_aRevistas de información general. _916896 |
|
| 650 | 7 |
_aCultura _2embne _9170963 |
|
| 650 | 4 |
_aFuerzas armadas- _zEspaña- _yS.XIX. _913003 |
|
| 700 | 1 |
_aZancada y Conchillos, Arturo. _9137769 _epbd |
|
| 780 | 0 | 0 | _tLa Ilustración militar |
| 852 | 4 |
_aES-MaACL _dOlim: Hem-1261-bis |
|
| 856 | 4 |
_uhttps://prensahistorica.mcu.es/es/consulta/registro.do?id=6127 _zTexto completo _xBiblioteca Virtual de Prensa Histórica |
|
| 866 | 0 | _o1884,1886-88,1891-1901 | |
| 942 |
_2udc _cPERIODICA _n0 |
||
| 999 |
_c2877 _d2877 |
||